| 000 | 00766nam a2200241 a 4500 | ||
|---|---|---|---|
| 001 | 61895 | ||
| 003 | BD-RjUL | ||
| 005 | 20211209081019.0 | ||
| 008 | 170122s2003 ii a b 000 0 eng d | ||
| 020 | _a8176484741 | ||
| 035 | _a(BD-RjUL) | ||
| 040 |
_aBD-RjUL _cBD-RjUL _beng _dBD-RjUL |
||
| 041 | _aeng | ||
| 082 |
_223 _a781.745 _bTHS 2003 |
||
| 100 | 1 |
_aThielemann, Selina. _9184218 |
|
| 245 | 1 | 0 |
_aSaṃgīta-sādhanā : _bthe path of human oneness / _cSelina Thielemann. |
| 260 |
_aNew Delhi : _bA P H Pub. Corp., _c2003. |
||
| 300 |
_a153 p. : _b ill. ; _c23 cm. |
||
| 504 | _aIncludes bibliographical references. | ||
| 650 | 0 |
_aMusic _zIndia _xReligious aspects _xHinduism. _9184243 |
|
| 650 | 0 |
_aBauls _xMusic _xHistory and criticism. _9184244 |
|
| 942 |
_2ddc _cBK |
||
| 999 |
_c61895 _d61895 |
||